<?xml version="1.0" encoding="UTF-8"?>
<record
    xmlns:xsi="http://www.w3.org/2001/XMLSchema-instance"
    xsi:schemaLocation="http://www.loc.gov/MARC21/slim http://www.loc.gov/standards/marcxml/schema/MARC21slim.xsd"
    xmlns="http://www.loc.gov/MARC21/slim">

  <leader>01412nam a22002417a 4500</leader>
  <datafield tag="999" ind1=" " ind2=" ">
    <subfield code="c">55145</subfield>
    <subfield code="d">55145</subfield>
  </datafield>
  <controlfield tag="005">20210420094728.0</controlfield>
  <controlfield tag="008">      s2551    th                  tha d</controlfield>
  <datafield tag="020" ind1=" " ind2=" ">
    <subfield code="a">9789740568988</subfield>
  </datafield>
  <datafield tag="040" ind1=" " ind2=" ">
    <subfield code="a">NALT</subfield>
  </datafield>
  <datafield tag="041" ind1=" " ind2=" ">
    <subfield code="a">tha</subfield>
  </datafield>
  <datafield tag="050" ind1=" " ind2=" ">
    <subfield code="a">GN 635 </subfield>
    <subfield code="b">&#xE23;352 2551</subfield>
  </datafield>
  <datafield tag="245" ind1="1" ind2="0">
    <subfield code="a">&#xE23;&#xE31;&#xE10; : &#xE08;&#xE32;&#xE01;&#xE21;&#xE38;&#xE21;&#xE21;&#xE2D;&#xE07;&#xE02;&#xE2D;&#xE07;&#xE0A;&#xE35;&#xE27;&#xE34;&#xE15;&#xE1B;&#xE23;&#xE30;&#xE08;&#xE33;&#xE27;&#xE31;&#xE19; 1 : </subfield>
    <subfield code="b">&#xE23;&#xE27;&#xE21;&#xE1A;&#xE17;&#xE04;&#xE27;&#xE32;&#xE21;&#xE08;&#xE32;&#xE01;&#xE01;&#xE32;&#xE23;&#xE1B;&#xE23;&#xE30;&#xE0A;&#xE38;&#xE21;&#xE1B;&#xE23;&#xE30;&#xE08;&#xE33;&#xE1B;&#xE35;&#xE17;&#xE32;&#xE07;&#xE21;&#xE32;&#xE19;&#xE38;&#xE29;&#xE22;&#xE27;&#xE34;&#xE17;&#xE22;&#xE32;&#xE04;&#xE23;&#xE31;&#xE49;&#xE07;&#xE17;&#xE35;&#xE48; 6 /</subfield>
    <subfield code="c">&#xE28;&#xE39;&#xE19;&#xE22;&#xE4C;&#xE21;&#xE32;&#xE19;&#xE38;&#xE29;&#xE22;&#xE27;&#xE34;&#xE17;&#xE22;&#xE32;&#xE2A;&#xE34;&#xE23;&#xE34;&#xE19;&#xE18;&#xE23; (&#xE2D;&#xE07;&#xE04;&#xE4C;&#xE01;&#xE32;&#xE23;&#xE21;&#xE2B;&#xE32;&#xE0A;&#xE19;).</subfield>
  </datafield>
  <datafield tag="260" ind1=" " ind2=" ">
    <subfield code="a">&#xE01;&#xE23;&#xE38;&#xE07;&#xE40;&#xE17;&#xE1E;&#xE2F; : </subfield>
    <subfield code="b">&#xE28;&#xE39;&#xE19;&#xE22;&#xE4C;&#xE21;&#xE32;&#xE19;&#xE38;&#xE29;&#xE22;&#xE27;&#xE34;&#xE17;&#xE22;&#xE32;&#xE2A;&#xE34;&#xE23;&#xE34;&#xE19;&#xE18;&#xE23; (&#xE2D;&#xE07;&#xE04;&#xE4C;&#xE01;&#xE32;&#xE23;&#xE21;&#xE2B;&#xE32;&#xE0A;&#xE19;), </subfield>
    <subfield code="c">2551.</subfield>
  </datafield>
  <datafield tag="300" ind1=" " ind2=" ">
    <subfield code="a">232 &#xE2B;&#xE19;&#xE49;&#xE32; :</subfield>
    <subfield code="b">&#xE20;&#xE32;&#xE1E;&#xE1B;&#xE23;&#xE30;&#xE01;&#xE2D;&#xE1A; ;</subfield>
    <subfield code="c">21 &#xE0B;&#xE21;.</subfield>
  </datafield>
  <datafield tag="650" ind1=" " ind2="4">
    <subfield code="a">&#xE21;&#xE32;&#xE19;&#xE38;&#xE29;&#xE22;&#xE27;&#xE34;&#xE17;&#xE22;&#xE32;</subfield>
    <subfield code="9">38523</subfield>
    <subfield code="x">&#xE41;&#xE07;&#xE48;&#xE2A;&#xE31;&#xE07;&#xE04;&#xE21;&#xE41;&#xE25;&#xE30;&#xE27;&#xE31;&#xE12;&#xE19;&#xE18;&#xE23;&#xE23;&#xE21;</subfield>
  </datafield>
  <datafield tag="650" ind1=" " ind2="4">
    <subfield code="a">&#xE21;&#xE32;&#xE19;&#xE38;&#xE29;&#xE22;&#xE27;&#xE34;&#xE17;&#xE22;&#xE32;</subfield>
    <subfield code="9">38522</subfield>
    <subfield code="x">&#xE01;&#xE32;&#xE23;&#xE1B;&#xE23;&#xE30;&#xE0A;&#xE38;&#xE21;</subfield>
  </datafield>
  <datafield tag="650" ind1=" " ind2="4">
    <subfield code="a">&#xE23;&#xE31;&#xE10;</subfield>
    <subfield code="9">38527</subfield>
    <subfield code="x">&#xE41;&#xE07;&#xE48;&#xE2A;&#xE31;&#xE07;&#xE04;&#xE21;</subfield>
  </datafield>
  <datafield tag="650" ind1=" " ind2="4">
    <subfield code="a">&#xE21;&#xE2D;&#xE0D;</subfield>
    <subfield code="9">38528</subfield>
  </datafield>
  <datafield tag="710" ind1="2" ind2=" ">
    <subfield code="a">&#xE28;&#xE39;&#xE19;&#xE22;&#xE4C;&#xE21;&#xE32;&#xE19;&#xE38;&#xE29;&#xE22;&#xE27;&#xE34;&#xE17;&#xE22;&#xE32;&#xE2A;&#xE34;&#xE23;&#xE34;&#xE19;&#xE18;&#xE23; (&#xE2D;&#xE07;&#xE04;&#xE4C;&#xE01;&#xE32;&#xE23;&#xE21;&#xE2B;&#xE32;&#xE0A;&#xE19;)</subfield>
    <subfield code="9">4054</subfield>
  </datafield>
  <datafield tag="850" ind1=" " ind2=" ">
    <subfield code="a">NALT</subfield>
  </datafield>
  <datafield tag="942" ind1=" " ind2=" ">
    <subfield code="c">GB</subfield>
    <subfield code="2">lcc</subfield>
  </datafield>
  <datafield tag="998" ind1=" " ind2=" ">
    <subfield code="j">104</subfield>
    <subfield code="k"> &#xE2A;&#xE32;&#xE22;&#xE1D;&#xE19; &#xE14;&#xE35;&#xE07;&#xE32;&#xE21;</subfield>
  </datafield>
  <datafield tag="952" ind1=" " ind2=" ">
    <subfield code="0">0</subfield>
    <subfield code="1">0</subfield>
    <subfield code="2">lcc</subfield>
    <subfield code="4">0</subfield>
    <subfield code="7">0</subfield>
    <subfield code="8">CGBL</subfield>
    <subfield code="a">NALT</subfield>
    <subfield code="b">NALT</subfield>
    <subfield code="e">&#xE08;&#xE31;&#xE14;&#xE0B;&#xE37;&#xE49;&#xE2D;&#xE17;&#xE23;&#xE31;&#xE1E;&#xE22;&#xE32;&#xE01;&#xE23;</subfield>
    <subfield code="g">150.00</subfield>
    <subfield code="l">0</subfield>
    <subfield code="o">GN 635 &#xE23;352 2551</subfield>
    <subfield code="p">3961186037</subfield>
    <subfield code="r">2017-06-09 00:00:00</subfield>
    <subfield code="v">200.00</subfield>
    <subfield code="w">2017-06-09</subfield>
    <subfield code="y">GB</subfield>
  </datafield>
  <datafield tag="952" ind1=" " ind2=" ">
    <subfield code="0">0</subfield>
    <subfield code="1">0</subfield>
    <subfield code="2">lcc</subfield>
    <subfield code="4">0</subfield>
    <subfield code="7">0</subfield>
    <subfield code="8">CGBL</subfield>
    <subfield code="a">NALT</subfield>
    <subfield code="b">NALT</subfield>
    <subfield code="e">&#xE08;&#xE31;&#xE14;&#xE0B;&#xE37;&#xE49;&#xE2D;&#xE17;&#xE23;&#xE31;&#xE1E;&#xE22;&#xE32;&#xE01;&#xE23;</subfield>
    <subfield code="g">150.00</subfield>
    <subfield code="l">0</subfield>
    <subfield code="o">GN 635 &#xE23;352 2551</subfield>
    <subfield code="p">3961186036</subfield>
    <subfield code="r">2017-06-09 00:00:00</subfield>
    <subfield code="v">200.00</subfield>
    <subfield code="w">2017-06-09</subfield>
    <subfield code="y">GB</subfield>
  </datafield>
  <datafield tag="952" ind1=" " ind2=" ">
    <subfield code="0">0</subfield>
    <subfield code="1">0</subfield>
    <subfield code="2">lcc</subfield>
    <subfield code="4">0</subfield>
    <subfield code="7">0</subfield>
    <subfield code="8">CGBL</subfield>
    <subfield code="a">NALT</subfield>
    <subfield code="b">NALT</subfield>
    <subfield code="e">&#xE08;&#xE31;&#xE14;&#xE0B;&#xE37;&#xE49;&#xE2D;&#xE17;&#xE23;&#xE31;&#xE1E;&#xE22;&#xE32;&#xE01;&#xE23;</subfield>
    <subfield code="g">150.00</subfield>
    <subfield code="l">0</subfield>
    <subfield code="o">GN 635 &#xE23;352 2551</subfield>
    <subfield code="p">3961172391</subfield>
    <subfield code="r">2017-06-09 00:00:00</subfield>
    <subfield code="v">200.00</subfield>
    <subfield code="w">2017-06-09</subfield>
    <subfield code="y">GB</subfield>
  </datafield>
</record>
